000 01036nam a2200289Ia 4500
001 Para_598
003 CHAP
008 220125s1993 xx 000 0 und d
010 _a199358
040 _cCHAP
090 _aPA TESIS 672
100 _aCarranza Vargas, Teodomiro
_919335
245 _aDaño diferencial de Zabrotes subfasciatus (BOH) (Coleoptera :
_b Bruchidae) en seis especies de leguminosas comestibles en condiciones de laboratorio en Chapingo, Méx. /
_c por Teodomiro Carranza Vargas
260 _aChapingo, Méx. :
_b el autor
300 _a49 h.
502 _aTesis (Ing. Agr. Esp. en Parasitología Agrícola) -- UACh. Departamento Parasitología Agrícola
650 _aLeguminosas
_x plagas
_965844
650 _aZabrotes subfasciatus
_9123383
710 _aUACh. Departamento Parasitología Agrícola
_9164025
901 _aPA TESIS 672
902 _aA
905 _a0000001993 0000000000 00
910 _a1993
942 _cPARA
942 _cPARA
_d1
999 _c199358
_d199358